Culture générale ! Une image... Un des... (4) - Statistiques

Statistiques générales
  • Ce quiz a été pris 149 fois
  • Le résultat moyen est 11 sur 20
Statistiques - réponses
Par images Hint Réponse % Correct
fruits à pépins Pastèque
99%
7 arts Danse
78%
marques italiennes d'automobile Fiat
78%
nages de compétition papillon
78%
marques de soda coca Pepsi
78%
pays d'Amérique du sud Chili
76%
robots de Starward R2-D2
74%
nombres premiers 5
71%
départements contenant le mot "Seine" Seine-et-Marne
65%
princesses Disney Raiponce
61%
frères Dalton Averell
56%
champignons comestibles Morille
51%
chanteuses françaises Sheila
42%
iles anglo-normande Guernesey
36%
instruments de musique Orgue de Barbarie
34%
anciens premiers ministres de la Ve République Raymond Barre
27%
capitales sur le danube Bratislava
21%
grades d'officier colonel
17%
souverains français Louis Philippe
15%
races de cheval de trait Boulonnais
4%
Aucun quiz correspondant
Distribution des résultats
% des personnes avec chaque résultat
Percentile par nombre de réponses
Votre historique - résultats
Vous n’avez pas pris ce quiz